Fr. Conceicao Rodrigues College of Engineering

Quantitative Aptitude for CAT (Record no. 36320)

MARC details
000 -LEADER
fixed length control field 00354nam a22001457a 4500
003 - CONTROL NUMBER IDENTIFIER
control field OSt
005 - DATE AND TIME OF LATEST TRANSACTION
control field 20260316103259.0
007 - PHYSICAL DESCRIPTION FIXED FIELD--GENERAL INFORMATION
fixed length control field 865 pages
008 - FIXED-LENGTH DATA ELEMENTS--GENERAL INFORMATION
fixed length control field 260316b |||||||| |||| 00| 0 eng d
040 ## - CATALOGING SOURCE
Transcribing agency
082 ## - DEWEY DECIMAL CLASSIFICATION NUMBER
Classification number 153.94
Item number SHA
245 ## - TITLE STATEMENT
Title Quantitative Aptitude for CAT
Statement of responsibility, etc. Arun sharma
260 ## - PUBLICATION, DISTRIBUTION, ETC.
Name of publisher, distributor, etc. Mcgraw Hill
Date of publication, distribution, etc. 2026
942 ## - ADDED ENTRY ELEMENTS (KOHA)
Source of classification or shelving scheme Dewey Decimal Classification
Koha item type BOOK
Call number prefix 153.94
Call number suffix SHA
Suppress in OPAC No
Holdings
Withdrawn status Lost status Source of classification or shelving scheme Damaged status Not for loan Collection Home library Current library Date acquired Cost, normal purchase price Inventory number Total Checkouts Full call number Barcode Date last seen Price effective from Koha item type Total Renewals Date due Date last checked out
    Dewey Decimal Classification     General Fr. Agnel's C.Rodrigues College of Engineering Fr. Agnel's C.Rodrigues College of Engineering 16/03/2026 1095.00 AO/26/02/1210 dt 21.02.2026   153.94/SHA 27099 16/03/2026 16/03/2026 BOOK      
    Dewey Decimal Classification     General Fr. Agnel's C.Rodrigues College of Engineering Fr. Agnel's C.Rodrigues College of Engineering 16/03/2026 1095.00 AO/26/02/1210 dt 21.02.2026 1 153.94/SHA 27100 16/05/2026 16/03/2026 BOOK 1 29/07/2026 16/05/2026
    Dewey Decimal Classification     General Fr. Agnel's C.Rodrigues College of Engineering Fr. Agnel's C.Rodrigues College of Engineering 16/03/2026 1095.00 AO/26/02/1210 dt 21.02.2026   153.94/SHA 27101 16/03/2026 16/03/2026 BOOK      
    Dewey Decimal Classification     General Fr. Agnel's C.Rodrigues College of Engineering Fr. Agnel's C.Rodrigues College of Engineering 16/03/2026 1095.00 AO/26/02/1210 dt 21.02.2026   153.94/SHA 27102 16/03/2026 16/03/2026 BOOK      
    Dewey Decimal Classification     General Fr. Agnel's C.Rodrigues College of Engineering Fr. Agnel's C.Rodrigues College of Engineering 16/03/2026 1095.00 AO/26/02/1210 dt 21.02.2026   153.94/SHA 27103 16/03/2026 16/03/2026 BOOK